Statistics for PlayStation or Xbox

Click here to take the quiz!

General Stats

  • This quiz has been taken 1,218 times
  • The average score is 8 of 10

Answer Stats

QuestionAnswer% Correct
One of its models was called "________ 360"Xbox
99%
It's owned by SonyPlayStation
98%
This console has controllers with a 'Y' buttonXbox
96%
Has a premium feature called "______ Live"Xbox
93%
You can play Marvel's Spider Man on this consolePlayStation
87%
You can play Red Dead Redemption 2 on this consoleBoth
82%
This company released a console firstPlayStation
82%
This company has the highest and second highest sold console of all timePlayStation
77%
PS4 vs. Xbox One - Which console is cheaperXbox
63%
PS4 vs. Xbox One - Which console(s) have a 500GB hard driveBoth
55%

Score Distribution

Percentile by Number Answered

Percent of People with Each Score

Your Score History

You have not taken this quiz